Top 20 Most Prominent Languages Quiz Stats

 Plays Quiz Updated Oct 4, 2018

Challenge
Share
Tweet
Embed
Score 0/20 Timer 06:00
5 Plays Today
Rank Language % Correct
1English
99.9%
6Spanish
99%
2French
98.7%
20Chinese
98.5%
3German
96%
5Russian
91.3%
7Japanese
90.1%
4Italian
89.3%
19Arabic
82.1%
18Portuguese
80.2%
Rank Language % Correct
10Swedish
70.6%
8Dutch
68.6%
17Ancient Greek
65.9%
16Polish
61.7%
9Latin
60.5%
11Danish
48.8%
15Hebrew
42.3%
12Hungarian
39.6%
13Czech
38.8%
14Serbo-Croatian
34.5%

You're not logged in!

Compare scores with friends on all Sporcle quizzes.
OR
Log In

You Might Also Like...

Show Comments

Extras

Top Quizzes Today


Score Distribution

Your Account Isn't Verified!

In order to create a playlist on Sporcle, you need to verify the email address you used during registration. Go to your Sporcle Settings to finish the process.

Report this User

Report this user for behavior that violates our Community Guidelines.

Details: